000 00692nam a2200205 i 4500
001 104346
003 ES-MaACL
005 20250804011344.0
007 t|
008 051128s1975 sp ||||1| spa d
130 4 _aLas mil y una noches.
_lEspañol.
_9122464
245 1 0 _aAntología de Las mil y una noches /
_cselección, traducción, introducción y notas de Julio Samsó.
260 _aMadrid :
_bAlianza,
_c1975.
300 _a408 p. ;
_c18 cm.
490 1 _aEl libro de bolsillo. Clásicos ;
_v599
700 1 _aSamsó, Julio.
_9102207
830 0 3 _aEl libro de bolsillo.
_pClásicos
_v599
_9179723
852 _aES-MaACL
_jL-7178
_bR.107544
999 _c104346
_d104346